| 000 | 00344nam a2200133 a 4500 | ||
|---|---|---|---|
| 001 | 4045 | ||
| 003 | CDMR | ||
| 005 | 20130116135251.0 | ||
| 008 | 130130s2007||||||||||||||||||||||||||||d | ||
| 040 |
_aCDMR _bcat _cCDMR |
||
| 245 | 0 |
_aAnuario 2006 _bII. De los temas y sus protagonistas |
|
| 260 |
_aBarcelona _c2007 _bDifusora Internacional |
||
| 942 | _cMON | ||
| 999 |
_c4045 _d4045 |
||